000 00347nam a2200157Ia 4500
003 OSt
005 20240229130104.0
008 170523s9999 xx 000 0 und d
020 _a978-9832951711
040 _ciimtu meerut
100 _aKHERA- SHIV
245 0 _aYOU CAN WIN
260 _bMC MILLAN INDIAN LTD
260 _c1998
942 _2ddc
_c02
999 _c544
_d544